| 000 | 00995nam a22002537a 4500 | ||
|---|---|---|---|
| 999 |
_c64930 _d64930 |
||
| 005 | 20240530110758.0 | ||
| 008 | 190115s2017 ua g b 000 0 ara d | ||
| 017 |
_a2017/5995 _bمصر. دار الكتب |
||
| 020 | _a9789779112367 | ||
| 040 |
_aEG-CaGPL _cEG-CaGPL |
||
| 082 | 0 | 4 |
_221 _a813.009 / _bى ت |
| 100 | 0 | _aيحيى الازهرى | |
| 245 | 1 | 2 |
_aالتفاوت الطبقى فى المجتمع المصرى فى ادب نجيب محفوظ / _cيحيى الازهرى |
| 250 | _aط.1 | ||
| 260 |
_aالقاهرة : _bالهيئة المصرية العامة للكتاب، _c2017. |
||
| 300 |
_a147 ص. ؛ _c24 سم. |
||
| 490 | 0 | _aسلسلة مكتبة نجيب محفوظ | |
| 504 | _aيشتمل على ارجاعات ببليوجرافية | ||
| 650 | 0 | 7 |
_2qrmak _aالادب العربى _xتاريخ ونقد |
| 651 | _2qrmak | ||
| 653 | 0 | _aالمجتمع المصرى فى الادب العربى | |
| 942 |
_2ddc _cBK |
||